Projektový manažér práca na projekte nikdy nekončí

Projektový manažér v logistickej spoločnosti. Osobnostné a kvalifikačné predpoklady projektového manažéra.

Na minha lista:
Detalhes bibliográficos
Autor principal: Brezovský, Jozef
Formato: Capítulo de Livro
Idioma:eslovaco
Assuntos:
Tags: Adicionar Tag
Sem tags, seja o primeiro a adicionar uma tag!

MARC

LEADER 00000naa a2200000 4500
001 0117808
005 20231011072219.9
041 0 |a slo 
044 |a CZ 
245 1 0 |a Projektový manažér  |b práca na projekte nikdy nekončí  |c Jozef Brezovský 
520 |a Projektový manažér v logistickej spoločnosti. Osobnostné a kvalifikačné predpoklady projektového manažéra. 
610 2 0 |a riadenie projektové 
610 2 0 |a manažéri 
100 1 |a Brezovský, Jozef